000 01433nam0a2200301 4500
001 RU\NLR\BIBL_A\012148025
005 20250623214236.0
035 _a(NLR Aleph) 012148025
090 _a12133209
_c12133209
100 _a20191128d1895 |||y0rusy50 ca
101 0 _arus
102 _aRU
105 _aa|||z|||000zy
200 1 _aЖелезноводская ветвь
_eпродольный подробный профиль
_fПравление общества Владикавказской ж. д.
210 _a[Санкт-Петербург]
_cАвто-Литография Л. Гакштеттера
_d1895
215 _a1 л. цв. ил, слож. в [3] с.
_d35
316 _aНа тит. л. над текстом рукоп. помета: К № 5
_5NLR
517 1 _aПродольный подробный профиль
601 0 2 _aЖелезноводская железнодорожная ветвь
_jСхемы
_xПродольные профили
_92433891
_3RU\NLR\AUTH\6601666603
686 3 _aО211-022я65
710 0 2 _aЖелезноводская железнодорожная ветвь
_9688689
_3RU\NLR\AUTH\880514037
712 0 2 _4570
_aВладикавказская железная дорога
_bПравление
_9678731
_3RU\NLR\AUTH\880509247
852 _aNLR
_j18.61.2.221
942 _cBOOK
980 _aNB